| 000 | 00443nam a2200193Ia 4500 | ||
|---|---|---|---|
| 005 | 20240823021306.0 | ||
| 008 | 240823s9999||||xx |||||||||||||| ||und|| | ||
| 020 | _a81-85594-54-6 | ||
| 041 | _aENGLISH | ||
| 082 | _A624.18341 P5 | ||
| 100 | _aShah H J | ||
| 245 | 0 | _aReinforced Concrete : Vol 1 | |
| 250 | _a6th | ||
| 260 |
_c2005 _b"Charotar," _aAnand |
||
| 500 | _aYES | ||
| 650 |
_aConcrete _bCivil |
||
| 942 | _cBK | ||
| 999 |
_c176722 _d176722 |
||